Psychology (Record no. 6048)

MARC details
005 - DATE AND TIME OF LATEST TRANSACTION
control field 20250628140824.0
020 ## - INTERNATIONAL STANDARD BOOK NUMBER
International Standard Book Number 0-393-97767-6
082 ## - DEWEY DECIMAL CLASSIFICATION NUMBER
Classification number 150 GLE
100 ## - MAIN ENTRY--PERSONAL NAME
Author name GLEITMAN, H.
245 ## - TITLE STATEMENT
Title Psychology
250 ## - EDITION STATEMENT
Edition statement 6th Ed.
260 ## - PUBLICATION, DISTRIBUTION, ETC.
Place of publication, distribution, etc. New York,
Name of publisher, distributor, etc. W.W. Norton
Date of publication, distribution, etc. 2004
300 ## - PHYSICAL DESCRIPTION
Extent xxv,712p.; ill.; picture
700 ## - ADDED ENTRY--PERSONAL NAME
Other authors/Editors FRIDLUND, A.
942 ## - ADDED ENTRY ELEMENTS (KOHA)
Source of classification or shelving scheme Dewey Decimal Classification
Koha item type Books
Holdings
Date last seen Total checkouts Full call number Barcode Cost, replacement price Price effective from Koha item type Lost status Source of classification or shelving scheme Damaged status Not for loan Withdrawn status Home library Current library Shelving location Date acquired Cost, normal purchase price
06/28/2025   150 GLE DOM0002503 300000.00 06/28/2025 Books   Dewey Decimal Classification       CBE Dodoma CBE Dodoma General Collection 05/12/2008 100000.00